Tunable Explicit Model Predictive Control Design
Salvato in:
| Autore principale: | |
|---|---|
| Altri autori: | |
| Natura: | Manoscritto Libro |
| Lingua: | slovacco inglese |
| Pubblicazione: |
2023
|
| Soggetti: | |
| Accesso online: | http://is.stuba.sk/zp/portal_zp.pl?podrobnosti=169523 |
| Tags: |
Nessun Tag, puoi essere il primo ad aggiungerne!!
|
MARC
| LEADER | 00000ntm a22000003a 4500 | ||
|---|---|---|---|
| 001 | stuzp93912 | ||
| 003 | SK-STU | ||
| 005 | 20230909220457.3 | ||
| 007 | ta | ||
| 008 | 150427s2015----xo-----f-mn---000-0-slo-d | ||
| 040 | |a STU |b slo | ||
| 041 | 0 | |a eng | |
| 100 | 1 | |a Belková, Petronela |u 047000 |4 aut |U FCHPT Fakulta chemickej a potravinárskej technológie |T FCHPT Ústav informatizácie, automatizácie a matematiky |X 97474 |U C7000 |Y 105 |7 97474 | |
| 242 | 0 | 1 | |a Návrh laditeľného explicitného prediktívneho riadenia |y slo |
| 245 | 1 | 0 | |a Tunable Explicit Model Predictive Control Design |
| 260 | |c 2023 | ||
| 650 | 4 | |a MPC |2 slo | |
| 650 | 4 | |a explicitné MPC |2 slo | |
| 650 | 4 | |a laditeľné explicitné MPC |2 slo | |
| 650 | 4 | |a výmenník tepla |2 slo | |
| 650 | 4 | |a MPC |2 eng | |
| 650 | 4 | |a explicit MPC |2 eng | |
| 650 | 4 | |a tunable explicit MPC |2 eng | |
| 650 | 4 | |a heat exchanger |2 eng | |
| 700 | 1 | |a Oravec, Juraj |u 047220 |k Z1 |4 ths |U FCHPT Ústav informatizácie, automatizácie a matematiky |T FCHPT Oddelenie informatizácie a riadenia procesov |X 26399 |U C7220 |Y 121 |7 A000026399 | |
| 856 | 4 | |u http://is.stuba.sk/zp/portal_zp.pl?podrobnosti=169523 | |